00369nam a2200145Ia 4500008004100000020001500041041001200056082001600068100001600084245004800100260003900148300000900187650001200196700001500208221030s9999 xx 000 0 und d a997151155X aEnglish a105.23bHol aD. Halliday 0aPhysics Vol. IIcby D. Halliday, R. Resnick bJohn Wiley & SonsaNew Yorkc2001 a1271 aPhysics aR. Resnick